Central Library OPAC University of Rajshahi

قائد اعظم جناح : اىک قوم کى سرگزشت / Qāʼid-i Aʻz̤am Jinnāḥ : ek qaum kī sarguzasht / (Record no. 83320)

MARC details
000 -LEADER
fixed length control field 01054nam a2200253 a 4500
001 - CONTROL NUMBER
control field 83320
003 - CONTROL NUMBER IDENTIFIER
rucl marc code BD-RjUL
005 - DATE AND TIME OF LATEST TRANSACTION
control field 20240312120829.0
008 - FIXED-LENGTH DATA ELEMENTS--GENERAL INFORMATION
fixed length control field 240311s1967 pk 000 0 urd d
035 ## - SYSTEM CONTROL NUMBER
System control number (BD-RjUL)83320
040 ## - CATALOGING SOURCE
Original cataloging agency NNL
Language of cataloging ara
Transcribing agency BD-RjUL
041 0# - LANGUAGE CODE
Language code of text/sound track or separate title urd
082 ## - DEWEY DECIMAL CLASSIFICATION NUMBER
Edition number 23
Classification number 954.91092
Author mark and year ALQ 1967
100 1# - MAIN ENTRY--PERSONAL NAME
Personal name اصفہانی٫ مرزا ابوالحسن، ;; Isfahani, Mirza Abul Hasan
Dates associated with a name 1889-1964
9 (RLIN) 6777
245 12 - TITLE STATEMENT
Title قائد اعظم جناح : اىک قوم کى سرگزشت / Qāʼid-i Aʻz̤am Jinnāḥ : ek qaum kī sarguzasht /
Statement of responsibility, etc. تأليف جی-الانا مترجم رئیس امروہوی ;; .G-Alana ; translator Rais Amrohavi
246 ## - VARYING FORM OF TITLE
Title proper/short title قائد اعظم جناح : اىک قوم کى سرگزشت
260 ## - PUBLICATION, DISTRIBUTION, ETC. (IMPRINT)
Place of publication, distribution, etc. [کراچی] :
Name of publisher, distributor, etc. Firoj,
Date of publication, distribution, etc. 1967
300 ## - PHYSICAL DESCRIPTION
Pagination 633 p. ;
Size 23 cm
500 ## - GENERAL NOTE
General note Includes Biblographis
600 ## - SUBJECT ADDED ENTRY--PERSONAL NAME
Personal name Jinnah, Mahomed Ali,
Dates associated with a name 1876-1948
650 ## - SUBJECT ADDED ENTRY--TOPICAL TERM
Topical term or geographic name as entry element Statesmen
Form subdivision Biography
Geographic subdivision Pakistan
9 (RLIN) 12243
700 ## - ADDED ENTRY--PERSONAL NAME
Personal name امروہوی ، رئیس ;; Amrohavi, Rais
942 ## - ADDED ENTRY ELEMENTS (KOHA)
Source of classification or shelving scheme Dewey Decimal Classification
Koha item type Books
Holdings
Lost status Source of classification or shelving scheme Damaged status Not for loan Collection code Permanent Location Current Location Shelving location Date acquired Source of acquisition Cost, normal purchase price Total Checkouts Full call number Date last seen Copy number Koha item type
  Dewey Decimal Classification   Not For Loan Non-fiction Central Library, University of Rajshahi Central Library, University of Rajshahi Reading Room 17/09/1969 Book Centre; Karachi 20.00   U 954.91092 ALQ 1967 12/03/2024 C-1 Books